000 00420nam a2200157Ia 4500
008 240729s9999 xx 000 0 und d
022 _a2392-4772
245 0 _aJournal of Society of Surgeons of Nepal
260 _aNepal
260 _bSociety of Surgeons of Nepal
650 _a Surgery
650 _aMedicine
856 _uhttps://doaj.org/toc/0642cd5803d043a6bfae570486ea9d44
942 _2ddc
942 _cDOAJEJ
999 _c70071
_d70071
945 _a1
_bMadushi Gamage
_c1
_dMadushi Gamage